| 000 | 01251nam0a22003371 4500 | ||
|---|---|---|---|
| 001 | v19\rc\1584212 | ||
| 005 | 20250618212425.0 | ||
| 035 | _a(NLR Aleph) 004710273 | ||
| 090 |
_a4190498 _c4190498 |
||
| 100 | _a20061002d1894 |||y0rusy50 ca | ||
| 101 | 0 | _arus | |
| 102 | _aRU | ||
| 105 | _ay z ||||| | ||
| 200 | 1 |
_aИлья Муромец, крестьянский сын _eПо сб. Кирши Данилова, Киреевского, Рыбникова и Гильфердинга _fСост. В. и Л. Р-н |
|
| 210 |
_aМосква _cт-во И.Д. Сытина _d1894 |
||
| 215 |
_a71 с. _d18 |
||
| 225 | 1 | _aРусские народные былины | |
| 300 | _aНа обл. сост. не указаны | ||
| 300 | _aВ изд. 1902 на тит. л. загл.: Илья Муромец | ||
| 300 | _aИзд. также под загл.: Илья Муромец | ||
| 451 | 0 |
_12001#$aИлья Муромец _tИлья Муромец |
|
| 517 | 0 | _aИлья Муромец | |
| 702 | 1 |
_aР-н _bВ. _4220 |
|
| 702 | 1 |
_aР-н _bЛ. _4220 |
|
| 801 | 0 |
_aRU _bNLR _gpsbo |
|
| 801 | 0 |
_aRU _bRuMoRGB _2psbo |
|
| 801 | 1 |
_aRU _bProSoft-M _2rusmarc |
|
| 852 |
_aNLR _j18.262.7.362 |
||
| 899 |
_aRuMoRGB _jN 302/495 |
||
| 942 | _cBOOK | ||
| 980 | _aNB | ||